Statistics for 3 Biggest Brazilian Cities by State

Click here to take the quiz!

General Stats

  • This quiz has been taken 102 times
    (80 since last reset)
  • The average score is 37 of 79

Answer Stats

Answer% Correct
Rio de Janeiro
98%
São Paulo
90%
Brasília
88%
Fortaleza
88%
Manaus
88%
Porto Alegre
88%
Salvador
88%
Belém
86%
Curitiba
86%
Belo Horizonte
84%
Florianópolis
84%
Natal
80%
Recife
80%
Rio Branco
80%
Aparecida de Goiânia
78%
Goiânia
78%
São Luís
78%
Campinas
76%
Macapá
75%
Campo Grande
73%
Cuiabá
73%
Maceió
71%
Teresina
69%
Aracaju
67%
Boa Vista
67%
João Pessoa
65%
Palmas
65%
Porto Velho
65%
Joinville
63%
Uberlândia
63%
Guarulhos
59%
Londrina
59%
Duque de Caxias
55%
Campina Grande
51%
Caxias do Sul
49%
São Gonçalo
49%
Feira de Santana
47%
Blumenau
45%
Maringá
43%
Mossoró
39%
Vila Velha
39%
Imperatriz
37%
Juazeiro do Norte
37%
Rondonópolis
37%
Jaboatão dos Guararapes
35%
Olinda
35%
Santarém
35%
Vitória da Conquista
35%
Serra
31%
Anápolis
29%
Cruzeiro do Sul
27%
Parnaíba
27%
Ananindeua
25%
Arapiraca
25%
Contagem
25%
Dourados
25%
Várzea Grande
25%
Canoas
24%
Ji-Paraná
24%
Parintins
22%
Santana
22%
São José de Ribamar
22%
Cariacica
18%
Lagarto
18%
Parnamirim
18%
Três Lagoas
18%
Rorainópolis
16%
Araguaína
14%
Ariquemes
14%
Caucaia
12%
Laranjal do Jari
12%
Picos
12%
Gurupi
10%
Itacoatiara
10%
Nossa Senhora do Socorro
10%
Caracaraí
6%
Santa Rita
6%
Sena Madureira
6%
Rio Largo
4%

Score Distribution

Percentile by Number Answered

Percent of People with Each Score

Your Score History

You have not taken this quiz since the last reset